Tatry: A-Z - Statystyki

Ogólne statystyki
  • Ten quiz został rozwiązany 89 razy
  • Średni wynik to 13 z 22
Statystyki odpowiedzi
Opis Odpowiedź Litera % Poprawnych
Nawierzchnia, którą wyłożony jest szlak do Morskiego Oka Asfalt A
95%
Najdłuższa ------- w Tatrach Polskich to -------- Chochołowska Dolina D
95%
Najwyższy szczyt Tatr Gerlach G
92%
Uznawana za najtrudniejszy szlak turystyczny w Tatrach Orla Perć O
85%
Tatrzańskiej jej elementem są m.in niedźwiedzie,kozice i świstaki Fauna F
84%
Pasmo czterech szczytów, które swoją nazwę wzięłyod koloru ich stoków jesienią Czerwone Wierchy C
82%
Rozwiń skrót: TOPR Tatrzańskie OchotniczePogotowie Ratunkowe T
78%
Narodowa góra Słowaków Krywań K
73%
Pojęcie oznaczające obecność przepaści i otwartychprzestrzeni, co jest często psychiczną przeszkodą dla niedoświadczonych turystów Ekspozycja E
68%
Przełęcz, którą zwyczajowo uznaje się za granicępomiędzy Tatrami Zachodnimi, a Tatrami Wysokimi Liliowe L
66%
Słynie ona z kwitnącej w sierpniu wierzbówki Hala Gąsienicowa H
58%
Szlak przez te szczyty nazywany jest Orlą PerciąTatrów Zachodnich Rohacze R
55%
Drugie najwyższe miejsce, na które można się dostać znakowanym szlakiem turystycznym w Tatrach Polskich. Mięguszowiecka Przełęczpod Chłopkiem M
53%
Szczyt graniczny w Tatrach Zachodnich, o wysokości2137 metrów nad poziomem morza Jarząbczy Wierch J
51%
Piąty najwyższy szczyt Tatr Wysoka W
42%
Miejscowość w Tatrach Słowackich, będąca świetnąbazą wypadową do wyprawy m.in na Sławkowski Szczyt Stary Smokowiec S
41%
Jego nazwa wzięła się od tego, że kiedyś przebiegałatam polska granica, można z niego udać się na Małą Wysoką Polski Grzebień P
38%
Przez nią możemy przejść z Doliny Chochołowskiej do Doliny Kościeliskiej Iwaniacka Przełęcz I
36%
Forma ukształtowania powierzchni, lekko nachylonezbocze, porośnięte skalną roślinnością, oddzielające od siebie znacząco stromsze zbocza Upłaz U
26%
Taternicki klasyk, prowadzi na nią słynna droga Motyki, jej zboczem trawersuje Orla Perć Zamarła Turnia Z
25%
Wejście przez nią jest standardową drogą wejściową na Gerlach zimą Batyżowiecka Próba B
23%
Szczyt położony we wschodniej grani Świnicy, nieprowadzi na niego szlak turystyczny, jego wysokość wynosi 2262 metrów n.p.m Niebieska Turnia N
23%
Nie znaleziono quizów pasujących do podanych kryteriów
Rozkład punktacji
Procent ludzi z każdym wynikiem
Percentyl według liczby udzielonych odpowiedzi
Twoja historia wyników
Nie rozwiązałeś tego quizu